00341nam a2200133Ia 4500008004100000082001900041100001600060245003300076250000600109260001800115300000800133630003300141730003300174100122s9999 xx 000 0 und d b59813aB823.08 aBLYTON ENID aTHE SECOND FORM AT ST CLARES a0 bMAMMOTHc1999 a154 aTHE SECOND FORM AT ST CLARES aTHE SECOND FORM AT ST CLARES